000 00935nam a2200265 a 4500
001 000039450
003 DO-SdBNP
005 20240408140601.0
008 130628s2000 dr 000 0 spa d
040 _aDO-SdBNP
_bspa
_cBNPHU
082 4 _a339.46097293
_bS237p 2000
_222
100 1 _aSantos, Gedeón
_99557
245 1 3 _aEl PLD frente a la pobreza y la globalización /
_cGedeón Santos ; prólogo Danilo Medina.
250 _a2a. ed.
260 _aSanto Domingo :
_bImpretur,
_c2000.
300 _a187 p. ;
_c22 cm.
500 _aIncluye datos biográficos del autor en la contracubierta
500 _aIncluye notas al pie de las páginas
610 2 4 _aPartido de la Liberación Dominicana
650 4 _aPobreza
_zRepública Dominicana
_92079
651 4 _aRepública Dominicana
_xCondiciones económicas
_9281
700 _aMedina, Danilo
_epról.
_99559
910 _aValidado. Control de calidad MFF
942 _2ddc
_cLBS1
999 _c38940
_d38940